Top 30 Most Oscar-Nominated Actors & Actresses Ever - Statistics

General Stats
  • This quiz has been taken 79 times
  • The average score is 14 of 30
Answer Stats
Rank Actor/Actress Nominations % Correct
1 Meryl Streep 21
88%
3 Jack Nicholson 12
76%
2 Katharine Hepburn 12
76%
8 Al Pacino 9
72%
23 Leonardo DiCaprio 7
72%
26 Daniel Day-Lewis 6
63%
10 Marlon Brando 8
63%
24 Tom Hanks 6
63%
4 Bette Davis 11
58%
9 Denzel Washington 9
57%
7 Paul Newman 9
55%
17 Dustin Hoffman 7
52%
5 Laurence Olivier 10
49%
18 Jane Fonda 7
45%
21 Kate Winslet 7
45%
25 Anthony Hopkins 6
42%
6 Spencer Tracy 9
42%
14 Glenn Close 8
39%
16 Ingrid Bergman 7
39%
11 Jack Lemmon 8
36%
15 Judi Dench 8
36%
22 Richard Burton 7
36%
27 Frances McDormand 6
34%
13 Peter O'Toole 8
34%
19 Robert Duvall 7
33%
29 Michael Caine 6
22%
20 Jeff Bridges 7
21%
12 Geraldine Page 8
19%
28 Sissy Spacek 6
16%
30 Vanessa Redgrave 6
15%
No matching quizzes found
Score Distribution
Percent of People with Each Score
Percentile by Number Answered
Your Score History
You have not taken this quiz